[Event "Blitz 2018"]
[Site "Saint-Petersburg"]
[Date "2018.12.29"]
[Round "9"]
[Board "46"]
[White "Mikhalevski Victor (ISR)"]
[Black "Esipenko Andrey (RUS)"]
[Result "0-1"]
[LiveChessVersion "1.4.8"]
[BlackElo "2673"]
[WhiteElo "2521"]

1. d4 {[%clk 0:03:03]} Nf6 {[%clk 0:03:03]} 2. Nf3 {[%clk 0:03:04]} e6
{[%clk 0:03:01]} 3. Bg5 {[%clk 0:03:01]} d5 {[%clk 0:03:01]} 4. e3
{[%clk 0:03:00]} Be7 {[%clk 0:03:01]} 5. Nbd2 {[%clk 0:02:57]} b6
{[%clk 0:03:00]} 6. c3 {[%clk 0:02:55]} O-O {[%clk 0:03:00]} 7. Bd3
{[%clk 0:02:53]} Ba6 {[%clk 0:03:00]} 8. Bxa6 {[%clk 0:02:45]} Nxa6
{[%clk 0:03:00]} 9. Qa4 {[%clk 0:02:46]} Nb8 {[%clk 0:03:01]} 10. Ne5
{[%clk 0:02:45]} c5 {[%clk 0:02:46]} 11. O-O {[%clk 0:02:41]} Qc7
{[%clk 0:02:42]} 12. h3 {[%clk 0:02:25]} Qb7 {[%clk 0:02:42]} 13. Bxf6
{[%clk 0:02:15]} Bxf6 {[%clk 0:02:36]} 14. f4 {[%clk 0:02:14]} Rc8
{[%clk 0:02:32]} 15. Qd1 {[%clk 0:02:10]} Nc6 {[%clk 0:02:25]} 16. Qf3
{[%clk 0:02:03]} Rf8 {[%clk 0:02:03]} 17. Ng4 {[%clk 0:01:58]} Be7
{[%clk 0:01:56]} 18. f5 {[%clk 0:01:57]} exf5 {[%clk 0:01:49]} 19. Qxf5
{[%clk 0:01:58]} Rad8 {[%clk 0:01:50]} 20. Rae1 {[%clk 0:01:46]} Bd6
{[%clk 0:01:44]} 21. Qg5 {[%clk 0:01:36]} Kh8 {[%clk 0:01:39]} 22. Qh5
{[%clk 0:01:18]} Qe7 {[%clk 0:01:32]} 23. e4 {[%clk 0:01:15]} g6 {[%clk 0:00:45]}
24. Qh6 {[%clk 0:01:09]} f5 {[%clk 0:00:39]} 25. exf5 {[%clk 0:01:00]} Qg7
{[%clk 0:00:40]} 26. Qxg7+ {[%clk 0:00:57]} Kxg7 {[%clk 0:00:41]} 27. f6+
{[%clk 0:00:58]} Kh8 {[%clk 0:00:40]} 28. Nb3 {[%clk 0:00:52]} cxd4
{[%clk 0:00:37]} 29. cxd4 {[%clk 0:00:52]} Rde8 {[%clk 0:00:31]} 30. Rxe8 Rxe8
31. f7 {[%clk 0:00:44]} Rc8 {[%clk 0:00:28]} 32. Nf6 {[%clk 0:00:35]} Nd8
{[%clk 0:00:22]} 33. Nd7 {[%clk 0:00:32]} Nxf7 {[%clk 0:00:06]} 34. Rxf7
{[%clk 0:00:33]} Rc7 {[%clk 0:00:08]} 35. Rf8+ {[%clk 0:00:19]} Bxf8
{[%clk 0:00:07]} 36. Nxf8 {[%clk 0:00:20]} Re7 {[%clk 0:00:09]} 37. Nd2
{[%clk 0:00:16]} Kg7 {[%clk 0:00:10]} 38. Nxg6 {[%clk 0:00:16]} Kxg6
{[%clk 0:00:10]} 39. Kf2 {[%clk 0:00:17]} Rc7 {[%clk 0:00:11]} 40. Ke3
{[%clk 0:00:15]} Rc2 41. b3 Rxa2 {[%clk 0:00:12]} 42. g4 {[%clk 0:00:16]} a5
{[%clk 0:00:13]} 43. h4 {[%clk 0:00:17]} b5 {[%clk 0:00:13]} 44. Nf3
{[%clk 0:00:17]} a4 {[%clk 0:00:15]} 45. bxa4 {[%clk 0:00:18]} bxa4
{[%clk 0:00:16]} 46. Ne5+ {[%clk 0:00:19]} Kg7 {[%clk 0:00:18]} 47. Kd3
{[%clk 0:00:19]} a3 {[%clk 0:00:17]} 48. Kc3 {[%clk 0:00:20]} Rh2
{[%clk 0:00:18]} 0-1

[Event "Blitz 2018"]
[Site "Saint-Petersburg"]
[Date "2018.12.29"]
[Round "9"]
[Board "47"]
[White "Sargissian Gabriel (ARM)"]
[Black "Drygalov Andrey (RUS)"]
[Result "1-0"]
[LiveChessVersion "1.4.8"]
[BlackElo "2509"]
[WhiteElo "2651"]

1. d4 {[%clk 0:03:03]} Nf6 {[%clk 0:03:03]} 2. Nf3 {[%clk 0:03:04]} g6
{[%clk 0:03:03]} 3. g3 {[%clk 0:03:05]} d5 {[%clk 0:03:04]} 4. Bg2
{[%clk 0:03:06]} Bg7 {[%clk 0:03:05]} 5. O-O {[%clk 0:03:07]} O-O
{[%clk 0:03:06]} 6. c3 {[%clk 0:03:07]} Nbd7 {[%clk 0:03:06]} 7. Bf4
{[%clk 0:03:04]} c5 {[%clk 0:03:03]} 8. Nbd2 {[%clk 0:02:55]} b6 {[%clk 0:03:04]}
9. a4 {[%clk 0:02:57]} a6 {[%clk 0:03:01]} 10. Ne5 {[%clk 0:02:55]} Bb7
{[%clk 0:03:01]} 11. Nxd7 {[%clk 0:02:31]} Nxd7 {[%clk 0:02:52]} 12. Nf3
{[%clk 0:02:32]} Rc8 {[%clk 0:02:38]} 13. Qb3 {[%clk 0:02:27]} Re8
{[%clk 0:02:11]} 14. Rfd1 {[%clk 0:02:26]} e6 {[%clk 0:02:06]} 15. e3
{[%clk 0:02:05]} c4 {[%clk 0:01:49]} 16. Qc2 {[%clk 0:02:01]} Bf8
{[%clk 0:01:31]} 17. h4 {[%clk 0:01:53]} f6 {[%clk 0:01:18]} 18. g4
{[%clk 0:01:40]} e5 {[%clk 0:01:03]} 19. dxe5 {[%clk 0:01:35]} fxe5
{[%clk 0:01:02]} 20. Bg3 {[%clk 0:01:34]} e4 {[%clk 0:00:56]} 21. Ng5
{[%clk 0:01:24]} Nc5 {[%clk 0:00:48]} 22. Nh3 {[%clk 0:01:08]} Bd6
{[%clk 0:00:43]} 23. Nf4 {[%clk 0:00:54]} Bxf4 {[%clk 0:00:42]} 24. exf4
{[%clk 0:00:51]} Nd3 {[%clk 0:00:43]} 25. b3 {[%clk 0:00:52]} Qf6
{[%clk 0:00:22]} 26. bxc4 {[%clk 0:00:52]} Rxc4 {[%clk 0:00:23]} 27. Qd2
{[%clk 0:00:30]} Qxc3 {[%clk 0:00:18]} 28. Rab1 {[%clk 0:00:25]} Qxd2
{[%clk 0:00:16]} 29. Rxd2 {[%clk 0:00:26]} Rc1+ {[%clk 0:00:10]} 30. Rxc1
{[%clk 0:00:28]} Nxc1 {[%clk 0:00:11]} 31. f5 {[%clk 0:00:29]} gxf5
{[%clk 0:00:10]} 32. gxf5 {[%clk 0:00:31]} Nd3 {[%clk 0:00:09]} 33. Bf1
{[%clk 0:00:29]} Nc5 {[%clk 0:00:05]} 34. a5 {[%clk 0:00:20]} b5 {[%clk 0:00:05]}
35. Rc2 {[%clk 0:00:21]} Rc8 {[%clk 0:00:06]} 36. f6 {[%clk 0:00:19]} Kf7
{[%clk 0:00:06]} 37. Bh3 {[%clk 0:00:19]} Ne6 {[%clk 0:00:05]} 38. Rxc8
{[%clk 0:00:16]} Bxc8 {[%clk 0:00:07]} 39. Be5 {[%clk 0:00:17]} b4
{[%clk 0:00:05]} 40. Bg4 {[%clk 0:00:17]} Bd7 {[%clk 0:00:03]} 41. Bh5+
{[%clk 0:00:18]} Kf8 {[%clk 0:00:04]} 42. Bd6+ {[%clk 0:00:19]} Kg8
{[%clk 0:00:05]} 43. Bxb4 {[%clk 0:00:18]} Nd8 {[%clk 0:00:06]} 44. Kf1
{[%clk 0:00:15]} d4 {[%clk 0:00:07]} 45. Ke1 {[%clk 0:00:15]} Be6
{[%clk 0:00:06]} 46. Bc5 {[%clk 0:00:16]} Nc6 {[%clk 0:00:07]} 47. Bb6
{[%clk 0:00:15]} d3 {[%clk 0:00:06]} 48. Kd2 {[%clk 0:00:16]} Bd5
{[%clk 0:00:04]} 49. Ke3 {[%clk 0:00:16]} h6 {[%clk 0:00:05]} 50. Be8
{[%clk 0:00:14]} Kf8 {[%clk 0:00:04]} 51. Bg6 {[%clk 0:00:14]} Kg8
{[%clk 0:00:05]} 52. Bh5 {[%clk 0:00:14]} Kf8 {[%clk 0:00:04]} 53. Bc5+
{[%clk 0:00:13]} Kg8 {[%clk 0:00:06]} 54. Bb6 {[%clk 0:00:15]} Kf8
{[%clk 0:00:07]} 55. Bg6 {[%clk 0:00:14]} Ne5 {[%clk 0:00:06]} 56. Bh5
{[%clk 0:00:12]} Nc4+ {[%clk 0:00:04]} 57. Kd4 {[%clk 0:00:13]} Nxb6
{[%clk 0:00:04]} 58. axb6 {[%clk 0:00:14]} Bb7 {[%clk 0:00:05]} 59. Kc5
{[%clk 0:00:13]} a5 {[%clk 0:00:06]} 60. Kb5 {[%clk 0:00:14]} d2 {[%clk 0:00:06]}
61. Kxa5 {[%clk 0:00:14]} d1=Q {[%clk 0:00:03]} 62. Bxd1 {[%clk 0:00:15]} Kf7
{[%clk 0:00:05]} 63. Be2 {[%clk 0:00:13]} Kxf6 {[%clk 0:00:05]} 64. Ba6
{[%clk 0:00:14]} Bd5 {[%clk 0:00:05]} 65. Kb4 {[%clk 0:00:15]} Ke5
{[%clk 0:00:06]} 66. Kc5 {[%clk 0:00:16]} Ba8 {[%clk 0:00:05]} 67. Bb5
{[%clk 0:00:17]} Bb7 {[%clk 0:00:06]} 68. Bc6 {[%clk 0:00:16]} Bc8
{[%clk 0:00:06]} 69. b7 {[%clk 0:00:10]} Bxb7 {[%clk 0:00:07]} 70. Bxb7
{[%clk 0:00:11]} Kf4 {[%clk 0:00:08]} 71. Kd4 {[%clk 0:00:12]} Kf3
{[%clk 0:00:10]} 72. Bxe4+ {[%clk 0:00:09]} Kxf2 {[%clk 0:00:11]} 73. h5
{[%clk 0:00:09]} Kg3 {[%clk 0:00:12]} 74. Ke5 {[%clk 0:00:10]} Kg4
{[%clk 0:00:13]} 75. Bg6 {[%clk 0:00:10]} 1-0

[Event "Blitz 2018"]
[Site "Saint-Petersburg"]
[Date "2018.12.29"]
[Round "9"]
[Board "48"]
[White "Fridman Daniel (GER)"]
[Black "Zvjaginsev Vadim (RUS)"]
[Result "1/2-1/2"]
[LiveChessVersion "1.4.8"]
[BlackElo "2649"]
[WhiteElo "2530"]

1. d4 {[%clk 0:03:02]} Nf6 {[%clk 0:03:03]} 2. Nf3 {[%clk 0:03:03]} g6
{[%clk 0:03:04]} 3. g3 {[%clk 0:03:04]} Bg7 {[%clk 0:03:04]} 4. Bg2
{[%clk 0:03:05]} c5 {[%clk 0:03:06]} 5. c4 {[%clk 0:03:04]} cxd4 {[%clk 0:03:06]}
6. Nxd4 {[%clk 0:03:05]} h5 {[%clk 0:03:07]} 7. h3 {[%clk 0:03:00]} O-O
{[%clk 0:03:06]} 8. Nc3 {[%clk 0:03:02]} Nc6 {[%clk 0:03:08]} 9. O-O
{[%clk 0:03:00]} d6 {[%clk 0:03:09]} 10. e3 {[%clk 0:02:56]} Bd7 {[%clk 0:03:08]}
11. b3 {[%clk 0:02:57]} a6 {[%clk 0:03:00]} 12. Bb2 {[%clk 0:02:58]} Rb8
{[%clk 0:03:01]} 13. Rc1 {[%clk 0:02:42]} Nxd4 {[%clk 0:02:27]} 14. exd4
{[%clk 0:02:42]} b5 {[%clk 0:02:28]} 15. c5 {[%clk 0:02:43]} dxc5
{[%clk 0:02:30]} 16. dxc5 {[%clk 0:02:43]} Qc8 {[%clk 0:02:31]} 17. Kh2
{[%clk 0:02:35]} Bc6 {[%clk 0:02:32]} 18. b4 {[%clk 0:02:28]} Qb7
{[%clk 0:02:19]} 19. Bxc6 {[%clk 0:02:25]} Qxc6 {[%clk 0:02:19]} 20. Qe2
{[%clk 0:02:25]} Rfd8 {[%clk 0:02:05]} 21. Rfd1 {[%clk 0:02:25]} Kf8
{[%clk 0:01:54]} 22. Rxd8+ {[%clk 0:02:18]} Rxd8 {[%clk 0:01:55]} 23. Rd1
{[%clk 0:02:19]} Rxd1 {[%clk 0:01:50]} 24. Qxd1 {[%clk 0:02:19]} Ke8
{[%clk 0:01:49]} 25. Qd3 {[%clk 0:02:09]} Nd7 {[%clk 0:01:35]} 26. f4
{[%clk 0:02:04]} Bxc3 {[%clk 0:01:19]} 27. Qxc3 {[%clk 0:01:45]} f6
{[%clk 0:01:19]} 28. Qd3 {[%clk 0:01:30]} Nf8 {[%clk 0:01:12]} 29. a3
{[%clk 0:01:20]} Kf7 {[%clk 0:01:12]} 30. Kg1 {[%clk 0:01:18]} Ne6
{[%clk 0:01:12]} 31. Bc1 {[%clk 0:01:16]} Nc7 {[%clk 0:01:01]} 32. g4
{[%clk 0:01:13]} hxg4 {[%clk 0:00:56]} 33. hxg4 {[%clk 0:01:14]} Qe6
{[%clk 0:00:49]} 34. Qd1 {[%clk 0:01:15]} Qe4 {[%clk 0:00:46]} 35. Kf2
{[%clk 0:01:01]} Nd5 {[%clk 0:00:47]} 36. Kg3 {[%clk 0:00:44]} Ke8
{[%clk 0:00:45]} 37. Qd2 {[%clk 0:00:41]} Kd7 {[%clk 0:00:45]} 38. Qg2
{[%clk 0:00:39]} Qxg2+ {[%clk 0:00:35]} 39. Kxg2 {[%clk 0:00:40]} Kc6
{[%clk 0:00:35]} 40. Bd2 {[%clk 0:00:41]} Nc7 {[%clk 0:00:33]} 41. f5
{[%clk 0:00:33]} gxf5 {[%clk 0:00:26]} 42. gxf5 {[%clk 0:00:34]} Kd5
{[%clk 0:00:25]} 43. Bf4 {[%clk 0:00:36]} Ne8 {[%clk 0:00:25]} 44. Kf3
{[%clk 0:00:37]} Ng7 {[%clk 0:00:17]} 45. Kg4 {[%clk 0:00:37]} e6
{[%clk 0:00:16]} 46. fxe6 {[%clk 0:00:37]} Nxe6 {[%clk 0:00:17]} 47. Kf5
{[%clk 0:00:34]} Nd4+ {[%clk 0:00:17]} 48. Kxf6 {[%clk 0:00:35]} Nc6
{[%clk 0:00:14]} 1/2-1/2

[Event "Blitz 2018"]
[Site "Saint-Petersburg"]
[Date "2018.12.29"]
[Round "9"]
[Board "49"]
[White "Salgado Lopez Ivan (ESP)"]
[Black "Salem A.R. Saleh (UAE)"]
[Result "1/2-1/2"]
[LiveChessVersion "1.4.8"]
[BlackElo "2645"]
[WhiteElo "2513"]

1. d4 {[%clk 0:03:03]} Nf6 {[%clk 0:03:03]} 2. Nf3 {[%clk 0:03:03]} g6
{[%clk 0:03:04]} 3. c3 {[%clk 0:03:04]} Bg7 {[%clk 0:03:05]} 4. Bg5
{[%clk 0:03:05]} O-O {[%clk 0:03:05]} 5. Nbd2 {[%clk 0:03:06]} d5
{[%clk 0:03:07]} 6. e3 {[%clk 0:03:04]} c5 {[%clk 0:02:58]} 7. h3
{[%clk 0:03:05]} Qb6 {[%clk 0:02:57]} 8. Qc1 {[%clk 0:03:01]} Bf5
{[%clk 0:02:55]} 9. Be2 {[%clk 0:02:53]} Nc6 {[%clk 0:02:55]} 10. O-O
{[%clk 0:02:48]} Rac8 {[%clk 0:02:56]} 11. a3 {[%clk 0:02:48]} Rfe8
{[%clk 0:02:53]} 12. Bf4 {[%clk 0:02:47]} cxd4 {[%clk 0:02:27]} 13. exd4
{[%clk 0:02:41]} Ne4 {[%clk 0:02:25]} 14. Be3 {[%clk 0:02:39]} Na5
{[%clk 0:02:16]} 15. Bd1 {[%clk 0:02:25]} Nd6 {[%clk 0:01:44]} 16. Be2
{[%clk 0:02:07]} Ndc4 {[%clk 0:01:33]} 17. Nxc4 {[%clk 0:02:07]} Nxc4
{[%clk 0:01:29]} 18. Bxc4 {[%clk 0:02:04]} Rxc4 {[%clk 0:01:29]} 19. Bh6
{[%clk 0:02:02]} Bxh6 {[%clk 0:00:39]} 20. Qxh6 {[%clk 0:02:01]} f6
{[%clk 0:00:40]} 21. Qd2 {[%clk 0:01:58]} Qd6 {[%clk 0:00:34]} 22. Rfe1
{[%clk 0:01:57]} Rc7 {[%clk 0:00:26]} 23. Re3 {[%clk 0:01:56]} g5
{[%clk 0:00:14]} 24. Rae1 {[%clk 0:01:54]} Kf7 {[%clk 0:00:12]} 25. Nh2
{[%clk 0:01:53]} h5 {[%clk 0:00:12]} 26. Nf1 {[%clk 0:01:50]} e6 {[%clk 0:00:12]}
27. R3e2 {[%clk 0:01:43]} Bg6 {[%clk 0:00:12]} 28. Nh2 {[%clk 0:01:34]} b5
{[%clk 0:00:12]} 29. Rf1 {[%clk 0:01:33]} Qf4 {[%clk 0:00:10]} 30. Re3
{[%clk 0:01:29]} Kg7 {[%clk 0:00:10]} 31. Qe2 {[%clk 0:01:27]} Rce7
{[%clk 0:00:04]} 32. Qxb5 {[%clk 0:01:25]} g4 {[%clk 0:00:04]} 33. Qe2
{[%clk 0:01:21]} Bf5 {[%clk 0:00:05]} 34. h4 {[%clk 0:01:18]} Bg6
{[%clk 0:00:05]} 35. Re1 e5 36. dxe5 {[%clk 0:01:12]} fxe5 {[%clk 0:00:04]} 37.
Nf1 {[%clk 0:01:13]} Re6 {[%clk 0:00:05]} 38. Ng3 {[%clk 0:01:12]} Bf7
{[%clk 0:00:05]} 39. Qd2 {[%clk 0:01:06]} Rf6 {[%clk 0:00:06]} 40. R3e2
{[%clk 0:01:05]} Qxd2 {[%clk 0:00:04]} 41. Rxd2 {[%clk 0:01:05]} Kg6
{[%clk 0:00:05]} 42. Nf1 {[%clk 0:01:05]} Rd6 {[%clk 0:00:04]} 43. Ng3
{[%clk 0:00:56]} Rb6 {[%clk 0:00:04]} 44. Nf1 {[%clk 0:00:46]} Kf6
{[%clk 0:00:05]} 45. Ne3 {[%clk 0:00:46]} Rd6 {[%clk 0:00:06]} 46. Nc4
{[%clk 0:00:43]} Rc6 {[%clk 0:00:05]} 47. Ne3 {[%clk 0:00:42]} Rd6
{[%clk 0:00:06]} 48. Nc4 {[%clk 0:00:36]} Rc6 {[%clk 0:00:08]} 49. Ne3
{[%clk 0:00:37]} Rd6 {[%clk 0:00:09]} 50. Nc4 Rh8 1/2-1/2

[Event "Blitz 2018"]
[Site "Saint-Petersburg"]
[Date "2018.12.29"]
[Round "9"]
[Board "50"]
[White "Nihal Sarin (IND)"]
[Black "Bindrich Falko (GER)"]
[Result "1-0"]
[LiveChessVersion "1.4.8"]
[BlackElo "2639"]
[WhiteElo "2506"]

1. e4 {[%clk 0:03:03]} e5 {[%clk 0:03:03]} 2. Nf3 {[%clk 0:03:04]} Nf6
{[%clk 0:03:04]} 3. Nxe5 {[%clk 0:02:55]} d6 {[%clk 0:03:06]} 4. Nf3
{[%clk 0:02:54]} Nxe4 {[%clk 0:03:06]} 5. d4 {[%clk 0:02:51]} d5 {[%clk 0:03:07]}
6. Bd3 {[%clk 0:02:52]} Bf5 {[%clk 0:03:08]} 7. O-O {[%clk 0:02:52]} Be7
{[%clk 0:03:08]} 8. Re1 {[%clk 0:02:53]} Nd6 {[%clk 0:03:09]} 9. Bf4
{[%clk 0:02:50]} Bxd3 {[%clk 0:03:07]} 10. Qxd3 {[%clk 0:02:48]} O-O
{[%clk 0:03:06]} 11. Nbd2 {[%clk 0:02:49]} c6 {[%clk 0:03:05]} 12. c3
{[%clk 0:02:48]} Na6 {[%clk 0:03:05]} 13. Nf1 {[%clk 0:02:22]} Nc7
{[%clk 0:03:06]} 14. Ng3 {[%clk 0:02:22]} f6 {[%clk 0:03:00]} 15. Nf5
{[%clk 0:02:11]} Nxf5 {[%clk 0:02:55]} 16. Qxf5 {[%clk 0:02:10]} Bd6
{[%clk 0:02:49]} 17. Re2 {[%clk 0:02:08]} Bxf4 {[%clk 0:02:25]} 18. Qxf4
{[%clk 0:02:08]} Qd7 {[%clk 0:02:26]} 19. Rae1 {[%clk 0:02:09]} Rae8
{[%clk 0:02:26]} 20. h3 {[%clk 0:02:08]} Rxe2 {[%clk 0:01:45]} 21. Rxe2
{[%clk 0:02:08]} Re8 {[%clk 0:01:28]} 22. Rxe8+ {[%clk 0:01:52]} Nxe8
{[%clk 0:01:29]} 23. Qb8 {[%clk 0:01:47]} b6 {[%clk 0:01:29]} 24. Kf1
{[%clk 0:01:43]} Kf7 {[%clk 0:01:29]} 25. Ne1 {[%clk 0:01:35]} Qc7
{[%clk 0:01:14]} 26. Qa8 {[%clk 0:01:32]} Nd6 {[%clk 0:01:09]} 27. Nd3
{[%clk 0:01:28]} Qb7 {[%clk 0:01:07]} 28. Qxb7+ {[%clk 0:00:52]} Nxb7
{[%clk 0:01:08]} 29. Nb4 {[%clk 0:00:53]} Nd8 {[%clk 0:01:09]} 30. Ke2
{[%clk 0:00:54]} Ke6 {[%clk 0:01:08]} 31. Nd3 {[%clk 0:00:55]} g5
{[%clk 0:01:09]} 32. Kf3 {[%clk 0:00:54]} h5 {[%clk 0:01:10]} 33. Ke3
{[%clk 0:00:50]} h4 {[%clk 0:01:09]} 34. g3 {[%clk 0:00:39]} Nf7 {[%clk 0:01:01]}
35. gxh4 {[%clk 0:00:36]} gxh4 {[%clk 0:01:02]} 36. Kf4 {[%clk 0:00:37]} f5
{[%clk 0:00:20]} 37. Ne1 Nd6 38. Nf3 Ne4 39. Ng5+ {[%clk 0:00:32]} Kf6
{[%clk 0:00:22]} 40. Nxe4+ {[%clk 0:00:27]} dxe4 {[%clk 0:00:12]} 41. c4
{[%clk 0:00:28]} b5 {[%clk 0:00:10]} 42. cxb5 {[%clk 0:00:23]} cxb5
{[%clk 0:00:11]} 43. d5 {[%clk 0:00:24]} b4 {[%clk 0:00:08]} 44. d6
{[%clk 0:00:25]} Ke6 {[%clk 0:00:10]} 45. d7 {[%clk 0:00:26]} Kxd7
{[%clk 0:00:10]} 46. Kxf5 {[%clk 0:00:27]} 1-0

[Event "Blitz 2018"]
[Site "Saint-Petersburg"]
[Date "2018.12.29"]
[Round "9"]
[Board "51"]
[White "Savchenko Boris (RUS)"]
[Black "Rechlis Gad (ISR)"]
[Result "1-0"]
[LiveChessVersion "1.4.8"]
[BlackElo "2500"]
[WhiteElo "2639"]

1. e4 c5 2. Nf3 {[%clk 0:03:03]} d6 {[%clk 0:03:05]} 3. d4 {[%clk 0:03:02]} cxd4
{[%clk 0:03:06]} 4. Nxd4 {[%clk 0:03:03]} Nf6 {[%clk 0:03:07]} 5. Nc3
{[%clk 0:03:04]} g6 {[%clk 0:03:08]} 6. Be3 {[%clk 0:03:03]} Bg7 {[%clk 0:03:10]}
7. f3 {[%clk 0:03:00]} O-O {[%clk 0:03:11]} 8. Qd2 {[%clk 0:03:00]} Nc6
{[%clk 0:03:12]} 9. Bc4 {[%clk 0:03:00]} Rb8 {[%clk 0:03:04]} 10. h4
{[%clk 0:02:58]} Ne5 {[%clk 0:02:53]} 11. Be2 {[%clk 0:02:58]} b5
{[%clk 0:02:43]} 12. h5 {[%clk 0:02:43]} Nxh5 {[%clk 0:02:02]} 13. f4
{[%clk 0:02:37]} Ng3 {[%clk 0:01:50]} 14. fxe5 {[%clk 0:02:34]} Nxh1
{[%clk 0:01:44]} 15. Nc6 {[%clk 0:02:34]} Qc7 {[%clk 0:01:44]} 16. Nd5
{[%clk 0:02:35]} Qb7 {[%clk 0:01:40]} 17. Ndxe7+ {[%clk 0:02:25]} Kh8
{[%clk 0:01:42]} 18. exd6 {[%clk 0:02:24]} Ng3 {[%clk 0:01:23]} 19. Bf3
{[%clk 0:02:19]} Be6 {[%clk 0:01:01]} 20. Bd4 {[%clk 0:01:42]} f6
{[%clk 0:00:39]} 21. Qf4 {[%clk 0:01:33]} Nh5 {[%clk 0:00:33]} 22. Bxh5
{[%clk 0:01:03]} gxh5 {[%clk 0:00:34]} 23. e5 {[%clk 0:00:57]} fxe5
{[%clk 0:00:19]} 24. Qxe5 {[%clk 0:00:58]} Rf7 {[%clk 0:00:17]} 25. Qxe6
{[%clk 0:00:57]} Bxd4 {[%clk 0:00:08]} 26. Qxf7 {[%clk 0:00:55]} Bxb2
{[%clk 0:00:07]} 27. Rb1 {[%clk 0:00:49]} Bc3+ {[%clk 0:00:08]} 28. Ke2
{[%clk 0:00:50]} b4 {[%clk 0:00:05]} 29. Qd5 {[%clk 0:00:31]} Rf8
{[%clk 0:00:04]} 30. Rf1 {[%clk 0:00:29]} 1-0

[Event "Blitz 2018"]
[Site "Saint-Petersburg"]
[Date "2018.12.29"]
[Round "9"]
[Board "52"]
[White "Anton Guijarro David (ESP)"]
[Black "Potkin Vladimir (RUS)"]
[Result "0-1"]
[LiveChessVersion "1.4.8"]
[BlackElo "2494"]
[WhiteElo "2631"]

1. Nf3 {[%clk 0:03:02]} c5 {[%clk 0:03:03]} 2. e4 {[%clk 0:03:02]} d6
{[%clk 0:03:03]} 3. Bb5+ {[%clk 0:03:03]} Nd7 {[%clk 0:03:04]} 4. c3
{[%clk 0:03:03]} Ngf6 {[%clk 0:03:03]} 5. Bd3 {[%clk 0:03:03]} g6
{[%clk 0:02:57]} 6. O-O {[%clk 0:02:59]} Bg7 {[%clk 0:02:58]} 7. Bc2
{[%clk 0:03:00]} O-O {[%clk 0:02:52]} 8. d4 {[%clk 0:02:59]} e5 {[%clk 0:02:22]}
9. dxe5 {[%clk 0:02:52]} Nxe5 {[%clk 0:02:22]} 10. Nxe5 {[%clk 0:02:46]} dxe5
{[%clk 0:02:23]} 11. Qe2 {[%clk 0:02:46]} Bg4 {[%clk 0:02:21]} 12. f3
{[%clk 0:02:45]} Be6 {[%clk 0:02:22]} 13. a4 {[%clk 0:02:41]} c4 {[%clk 0:02:18]}
14. Be3 {[%clk 0:02:33]} Qc7 {[%clk 0:02:17]} 15. Na3 {[%clk 0:02:27]} a6
{[%clk 0:02:16]} 16. Qf2 {[%clk 0:02:28]} Nd7 {[%clk 0:02:16]} 17. Rfd1
{[%clk 0:02:22]} Rfe8 {[%clk 0:02:10]} 18. Rd2 {[%clk 0:02:20]} Bf8
{[%clk 0:02:10]} 19. Rad1 {[%clk 0:02:18]} Nc5 {[%clk 0:02:08]} 20. h4
{[%clk 0:01:58]} h5 {[%clk 0:02:07]} 21. Qg3 {[%clk 0:01:58]} Rac8
{[%clk 0:01:58]} 22. Kh2 {[%clk 0:01:45]} Nb3 {[%clk 0:01:30]} 23. Bxb3
{[%clk 0:01:39]} cxb3 {[%clk 0:01:30]} 24. Nb1 {[%clk 0:01:37]} Qa5
{[%clk 0:01:28]} 25. Bg5 {[%clk 0:01:30]} Bg7 {[%clk 0:01:24]} 26. Qf2
{[%clk 0:00:46]} Qxa4 {[%clk 0:01:24]} 27. Be3 {[%clk 0:00:45]} Bf8
{[%clk 0:01:09]} 28. Bg5 {[%clk 0:00:46]} Bg7 {[%clk 0:01:05]} 29. Rd6
{[%clk 0:00:47]} Bf8 {[%clk 0:00:59]} 30. R6d2 {[%clk 0:00:46]} Qc6
{[%clk 0:00:57]} 31. Qg3 {[%clk 0:00:41]} Qc7 {[%clk 0:00:54]} 32. Bf6
{[%clk 0:00:41]} Bg7 {[%clk 0:00:55]} 33. Bxg7 {[%clk 0:00:36]} Kxg7
{[%clk 0:00:56]} 34. Rd6 {[%clk 0:00:37]} Qc5 {[%clk 0:00:57]} 35. Qe1
{[%clk 0:00:21]} a5 {[%clk 0:00:55]} 36. Na3 {[%clk 0:00:17]} b5 {[%clk 0:00:52]}
37. Ra6 {[%clk 0:00:17]} Ra8 {[%clk 0:00:52]} 38. Rad6 {[%clk 0:00:14]} b4
{[%clk 0:00:48]} 39. cxb4 {[%clk 0:00:14]} axb4 {[%clk 0:00:45]} 40. Nb1
{[%clk 0:00:15]} Ra2 {[%clk 0:00:45]} 41. R6d2 {[%clk 0:00:11]} Rc8
{[%clk 0:00:45]} 42. Qg3 {[%clk 0:00:11]} Qa5 {[%clk 0:00:42]} 43. Qg5
{[%clk 0:00:10]} Rc2 {[%clk 0:00:36]} 44. Rd8 {[%clk 0:00:08]} Raxb2
{[%clk 0:00:35]} 45. Nd2 {[%clk 0:00:05]} f6 {[%clk 0:00:25]} 46. Nxb3
{[%clk 0:00:03]} Qxd8 {[%clk 0:00:23]} 0-1